| 000 -LEADER | |
|---|---|
| fixed length control field | 00414nam a22001697a 4500 |
| 005 - DATE AND TIME OF LATEST TRANSACTION | |
| control field | 20180323165929.0 |
| 008 - FIXED-LENGTH DATA ELEMENTS--GENERAL INFORMATION | |
| fixed length control field | 160523b xxu||||| |||| 00| 0 eng d |
| 020 ## - INTERNATIONAL STANDARD BOOK NUMBER | |
| ISBN | 9788125924005 |
| 041 ## - LANGUAGE CODE | |
| Language code of text/sound track or separate title | eng |
| 082 ## - DEWEY DECIMAL CLASSIFICATION NUMBER | |
| Item number | 4103 |
| Classification number | 338.5 |
| 100 ## - MAIN ENTRY--AUTHOR NAME | |
| Personal name | Dwivedi/D.N. |
| 245 ## - TITLE STATEMENT | |
| Title | Esentials of Business Economics |
| 260 ## - PUBLICATION, DISTRIBUTION, ETC. (IMPRINT) | |
| Place of publication | New Delhi |
| Name of publisher | Academic Faundation |
| 300 ## - PHYSICAL DESCRIPTION | |
| Number of Pages | 447 |
| 650 ## - SUBJECT ADDED ENTRY--TOPICAL TERM | |
| Topical Term | Management |
| 942 ## - ADDED ENTRY ELEMENTS (KOHA) | |
| Koha item type | Books |
| Lost status | Damaged status | Collection code | Home library | Current library | Shelving location | Date acquired | Source of acquisition | Cost, normal purchase price | Full call number | Accession Number | Koha item type |
|---|---|---|---|---|---|---|---|---|---|---|---|
| MANAGEMENT | JRU Library | JRU Library | SHELF-58-G | 23/05/2016 | PURCHASE | 240.00 | 338.5 | 4103 | Books | ||
| MANAGEMENT | JRU Library | JRU Library | SHELF-58-G | 23/05/2016 | PURCHASE | 240.00 | 338.5 | 4104 | Books | ||
| MANAGEMENT | JRU Library | JRU Library | SHELF-58-G | 23/05/2016 | PURCHASE | 240.00 | 338.5 | 4105 | Books | ||
| MANAGEMENT | JRU Library | JRU Library | SHELF-31-D | 23/05/2016 | 240.00 | 338.5 | 4106 | Books | |||
| MANAGEMENT | JRU Library | JRU Library | SHELF-58-G | 23/05/2016 | PURCHASE | 240.00 | 338.5 | 4107 | Books | ||
| MANAGEMENT | JRU Library | JRU Library | SHELF-58-G | 23/05/2016 | PURCHASE | 240.00 | 338.5 | 4108 | Books | ||
| MANAGEMENT | JRU Library | JRU Library | SHELF-58-G | 23/05/2016 | PURCHASE | 240.00 | 338.5 | 4109 | Books |